000 00466nam a2200181Ia 4500
001 9330
005 20260306161710.0
008 260306t2023||||xx |||||||||||||| ||spa||
041 _aESP
082 _a378.101
_bS24
100 _aSánchez-Tabernero, Alfonso,
_eAUT
245 0 _aGobierno de universidades :
_bdesafíos, modelos y estrategias
260 _c2023
300 _a422 páginas :
_c24 cm.
650 _aGEN
654 _aCED
942 _cLIB
_dJUS
_fJUS
_2ddc
_n
999 _c9330
_d9330